| 000 | 00884nam a2200277 4500 | ||
|---|---|---|---|
| 001 | 10724 | ||
| 003 | BD-RjUL | ||
| 005 | 20211208235015.0 | ||
| 008 | 140125r19901981enka b 001 0 eng d | ||
| 020 | _a0471278165 : | ||
| 020 | _a0471278157 (pbk.) : | ||
| 035 | _a(BD-RjUL)10773 | ||
| 040 |
_aDLC _cDLC _dDLC _d(BD-RjUL) _beng |
||
| 041 | _aeng | ||
| 082 | 0 | 0 |
_a546 _bHUI 1990 _223 |
| 100 | 1 |
_aHughes, Martin N. _q(Martin Neville), _d1938- _933175 |
|
| 245 | 1 | 4 |
_aThe inorganic chemistry of biological processes / _cM. N. Hughes. |
| 250 | _a2d ed. | ||
| 260 |
_aChichester [Eng.] ; _aNew York : _bJ. Wiley, _cc1981. [reprent 1990] |
||
| 300 |
_aix, 338 p. : _bill. ; _c23 cm. |
||
| 504 | _aIncludes bibliographical references and index. | ||
| 650 | 0 |
_aInorganic Chemistry _9218642 |
|
| 650 | 0 |
_aBioinorganic chemistry. _933176 |
|
| 650 | 2 |
_aBiochemistry. _929589 |
|
| 942 |
_2ddc _cBK |
||
| 999 |
_c10724 _d10724 |
||